Países más cercanos a Burkina Faso con un mapa - Estadísticas

Estadísticas generales
  • Esta prueba ha sido intentada 89 veces
  • La puntuación promedio es 16 de 20
Respuestas en el mapa
Las respuestas están codificadas por una escala verde-roja en el mapa de la prueba según el % correcto abajo.
 
Estadísticas de respuestas
país % Correcto
Malí
99%
Níger
97%
Guinea
96%
Togo
96%
Senegal
94%
Nigeria
93%
Ghana
91%
Benín
90%
Côte d'Ivoire
89%
Sierra Leona
89%
Liberia
87%
Mauritania
86%
Argelia
81%
Guinea-Bissau
81%
Gambia
76%
Marruecos
66%
Camerún
63%
Chad
63%
Guinea Ecuatorial
37%
Santo Tomé y Príncipe
37%
No se encontraron pruebas coincidentes
Distribución de puntuación
Porcentaje de gente con cada puntuación
Porcentaje por número respondido
Historial de tus puntuaciones
No has intentado esta prueba.